Facets of emotion : recent research (Record no. 180861)

MARC details
000 -LEADER
fixed length control field 00658nam a2200217Ia 4500
008 - FIXED-LENGTH DATA ELEMENTS--GENERAL INFORMATION
fixed length control field 191130s1988##################000#0#eng##
020 ## - INTERNATIONAL STANDARD BOOK NUMBER
ISBN 9780805801415
082 ## - DEWEY DECIMAL CLASSIFICATION NUMBER
Classification number 152.4 SCH
245 ## - TITLE STATEMENT
Title Facets of emotion : recent research
Statement of responsibility, etc edited by Klaus R. Scherer
260 ## - PUBLICATION, DISTRIBUTION, ETC. (IMPRINT)
Place of publication Hillsdale, NJ
Name of publisher L. Erlbaum Associates
Year of publication 1988
300 ## - PHYSICAL DESCRIPTION
Number of Pages x, 267 p. : ill. ; 23 cm
500 ## - GENERAL NOTE
General note Includes indexes. Bibliography: p. 245-254
650 ## - SUBJECT ADDED ENTRY--TOPICAL TERM
Topical Term Emotions
Topical Term Emotions - Cross-cultural studies
700 ## - ADDED ENTRY--PERSONAL NAME
Personal name Scherer, Klaus R
991 ## -
-- 187965
Holdings
Withdrawn status Lost status Damaged status Not for loan Home library Current library Shelving location Date acquired Full call number Accession Number Price effective from Koha item type
        Anna Centenary Library Anna Centenary Library 3RD FLOOR, A WING 13.10.2020 152.4 SCH 164197 13.10.2020 English Books

Find us on the map